|
|
|
|
| LEADER |
01287nam a22002537a 4500 |
| 001 |
AAL8275 |
| 003 |
BD-DhAAL |
| 005 |
20240519101951.0 |
| 008 |
160203s 2010bd ||||| |||| 00| 0 ben d |
| 020 |
|
|
|a 9789840412778
|
| 040 |
|
|
|a BD-DhAAL
|c BD-DhAAL
|
| 082 |
|
|
|a 324.66095492
|
| 100 |
|
|
|a খান, মিজানুর রহমান.
|9 17705
|
| 245 |
|
|
|a তত্ত্বাবধায়ক সরকার ব্যবস্থা এক অশনি সংকেত /
|c মিজানুর রহমান খান.
|
| 260 |
|
|
|a ঢাকা :
|b আগামী প্রকাশনী,
|c ২০১০.
|
| 300 |
|
|
|a ২৫৫ পৃ. ;
|c ২২ সে.মি.
|
| 541 |
|
|
|e 8275
|
| 650 |
|
|
|a Elections
|x Corrupt practices
|z Bangladesh.
|9 17706
|
| 650 |
|
|
|a Elections
|x Corrupt practices.
|9 17707
|
| 651 |
|
|
|a Bangladesh
|x Politics and government
|y 1971-
|9 17708
|
| 942 |
|
|
|2 ddc
|c BK
|
| 999 |
|
|
|c 36759
|d 36759
|
| 952 |
|
|
|0 0
|1 0
|2 ddc
|4 0
|6 324_600000000000000_6_095492_KHA
|7 0
|9 57844
|a SCL
|b SCL
|c GEN
|d 2016-02-03
|g 208.00
|l 1
|m 8
|o 324.66095492 KHA
|p 3020008275
|r 2017-07-10
|s 2017-05-23
|t 1
|w 2016-02-03
|y BK
|
| 952 |
|
|
|0 0
|1 0
|2 ddc
|4 0
|6 324_600000000000000_6_095492_KHA
|7 0
|9 57845
|a SCL
|b SCL
|c GEN
|d 2016-02-03
|g 208.00
|l 3
|m 1
|o 324.66095492 KHA
|p 3020008274
|r 2024-09-24
|s 2024-09-10
|t 2
|w 2016-02-03
|y BK
|